000 00325nam a22001457a 4500
008 230515b ||||| |||| 00| 0 eng d
020 _a9780131234987
041 _aeng
080 _2THIRD EDITION
_a72
082 _a72NAW
100 _a19
101 _aARKI
245 _aREINFORCED CONCRETE
_cNAWY.G.E
942 _2udc
_cBK
999 _c59723
_d59723